5HLuxD.jpg

KING HENRY VIII SENIOR AND PRIMARY SCHOOL LIBRARY OPAC

HUMAN BODY ENCYCLOPEDIA (Record no. 4449)

000 -LEADER
fixed length control field 00301nam a22001217a 4500
008 - FIXED-LENGTH DATA ELEMENTS--GENERAL INFORMATION
fixed length control field 250220b ||||| |||| 00| 0 eng d
020 ## - INTERNATIONAL STANDARD BOOK NUMBER
International Standard Book Number 9781405393492
082 ## - DEWEY DECIMAL CLASSIFICATION NUMBER
Edition number 621 SMI
100 ## - MAIN ENTRY--PERSONAL NAME
Personal name SMITH,PENNY
Relator term AUTHOR
245 ## - TITLE STATEMENT
Title HUMAN BODY ENCYCLOPEDIA
260 ## - PUBLICATION, DISTRIBUTION, ETC.
Place of publication, distribution, etc. GREAT BRITAIN
Name of publisher, distributor, etc. DK PUBLISHING
942 ## - ADDED ENTRY ELEMENTS (KOHA)
Source of classification or shelving scheme
Holdings
Withdrawn status Lost status Source of classification or shelving scheme Damaged status Not for loan Collection code Permanent Location Current Location Shelving location Date acquired Total Checkouts Total Renewals Full call number Barcode Date last seen Date last checked out Price effective from Koha item type Public note
          Non-Fiction KH8 Primary School Library KH8 Primary School Library Non Fiction 2025-02-20 4 1 612 SMI KHPL000006171 2026-02-23 2026-02-09 2025-02-20 Books - Non Ficton KH8 PRIMARY LIBRARY

Powered By KH8 IT Dept